Top 5 European Leagues Top Assisters: 2022/23 - Statistics

General Stats
  • This quiz has been taken 12 times
  • The average score is 23 of 40
Answer Stats
League Assists Club Nationality Answer % Correct
La Liga 17 Atletico Madrid France Antoine Griezmann
92%
Premier League 12 Arsenal England Bukayo Saka
92%
Premier League 18 Manchester City Belgium Kevin De Bruyne
92%
Serie A 13 Napoli Georgia Khvicha Kvaratskhelia
92%
Premier League 13 Brighton/Arsenal Belgium Leandro Trossard
92%
Premier League 12 Liverpool Egypt Mohamed Salah
92%
La Liga 10 Real Madrid Brazil Vinicius Junior
92%
Serie A 8 Atalanta Nigeria Ademola Lookman
83%
Ligue 1 16 PSG Argentina Lionel Messi
83%
Premier League 11 Crystal Palace France Michael Olise
83%
Ligue 1 11 PSG Brazil Neymar
83%
Serie A 10 Milan Portugal Rafael Leao
83%
Bundesliga 12 Borussia Dortmund Portugal Raphael Guerreiro
83%
La Liga 7 Barcelona Brazil Raphinha
83%
La Liga 9 Real Madrid Brazil Rodrygo
83%
Bundesliga 13 Bayern Munich Germany Jamal Musiala
75%
La Liga 9 Real Sociedad Spain Mikel Merino
75%
La Liga 7 Barcelona France Ousmane Dembele
75%
Serie A 9 Napoli Poland Piotr Zielinski
75%
La Liga 7 Barcelona Poland Robert Lewandowski
75%
La Liga 7 Real Sociedad Japan Takefusa Kubo
75%
Serie A 8 Juventus Serbia Filip Kostic
67%
Bundesliga 14 Eintracht Frankfurt France Randal Kolo Muani
67%
La Liga 7 Atletico Madrid Argentina Rodrigo De Paul
67%
Serie A 8 Lazio Serbia Sergej Milinkovic-Savic
67%
La Liga 7 Mallorca South Korea Lee Kang-in
50%
Bundesliga 10 Koln Austria Florian Kainz
42%
Ligue 1 10 Marseille France Jonathan Clauss
33%
Serie A 8 Bologna Gambia Musa Barrow
33%
Bundesliga 10 Hoffenheim Spain Angelino
25%
Serie A 8 Udinese Argentina Roberto Pereyra
25%
La Liga 7 Valladolid Ecuador Gonzalo Plata
17%
Bundesliga 10 Werder Bremen Germany Mitchell Weiser
17%
Ligue 1 10 Lille France Remy Cabella
17%
Ligue 1 10 Rennes France Benjamin Bourigeaud
8%
La Liga 7 Mallorca Spain Dani Rodriguez
8%
Ligue 1 10 Lens France Florian Sotoca
8%
Bundesliga 10 Borussia Monchengladbach Germany Jonas Hofmann
8%
La Liga 7 Almeria Argentina Lucas Robertone
8%
La Liga 7 Espanyol Spain Brian Olivan
0%
No matching quizzes found
Score Distribution
Percent of People with Each Score
Percentile by Number Answered
Your Score History
You have not taken this quiz